000 00907nam a2200289 i 4500
003 DO-SdBNP
005 20260506105138.0
007 ta
008 260506b2025 dr a|||| |||| 00| 0 spa d
020 _a9788287104634
040 _aDO-SdBNP
_bspa
_cBNPHU
_erda
041 _aspa
082 4 _axxx
_bC117c
_222
100 _aCabrera, Altagracia,
_d1956-
_eautor
_4aut.
_976072
245 1 0 _aCuentos de camino /
_cAltagracia Cabrera ; edición, Yorman Mejías
250 _aprimera edición
264 4 _aSanto Domingo :
_bOmniversos,
_c©2025.
300 _a137 páginas :
_bilustraciones ;
_c21 cm.
336 _atexto
_btxt
_2rdacontent
337 _asin mediación
_bn
_2rdamedia
338 _avolumen
_bnc
_2rdacarrier
500 _aIncluye datos biográficos del autor
590 _aInventariado, 2026/BT
700 _aMejías, Yorman,
_eeditor
_4ed.
_989476
910 _aBtavárez
942 _2ddc
_cLBS1
999 _c60673
_d60673